000 00373nam a2200121Ia 4500
008 200619s9999 xx 000 0 und d
082 _a305.56
245 0 _aSabali Karna : Dalithara Mudhiana Savalugalu (Compilation of Articles)
264 _aBangalore
_bSambuddha Prakashana
_c2008
300 _a29
942 _cIR
999 _c120000
_d120000